Kpop General Knowledge - Statistics

General Stats
  • This quiz has been taken 2,612 times
  • The average score is 7 of 22
Answer Stats
Hint Answer % Correct
Which Got7 member is in Amber's video, "Shake That Brass"? Jackson
89%
SNSD's Taeyeon dated which member of EXO? Baekhyun
64%
In Twice's "Cheer Up", which member parodies the movie "Gone With the Wind"? Tzuyu
62%
Which F(x) member is Jessica Jung's sister? Krystal
59%
In which KDrama does BTS V play a role? Hwarang
56%
Which member of Twice was the leading lady in Got7's "Girls Girls Girls"? Nayeon
48%
(Former) 4Minute's Hyuna was previously a member of which Kpop group? Wonder Girls
44%
GFriend and Super Junior both have released songs with titles in which language? Spanish
41%
What is the name of the competition show for female rappers that has produced many Kpop stars? Unpretty Rapstar
39%
BTS, AOA, and 15& all have a what? Jimin
28%
Which American rapper was feautured in one of Psy's songs? Snoop Dogg
28%
The Chinese song, "That Good Good", was created by a former member of which group? EXO
20%
What is the name of the most recent solo video released by Taeyeon (as of June 28, 2016)? Why
20%
BTS's Rap Monster studied in which foreign country? New Zealand
19%
The word "chapssaltteok", used in Big Bang's "Bae Bae", is the word for which food? Rice Cake
14%
In which Kpop music video do two idols pretend to urinate on each other? Zutter
13%
In the beggining of Hyuna's video, "Ice Cream", who licks an ice cream cone? Psy
11%
Got7's Mark has lived in Brazil and which other South American country? Paraguay
9%
Which female solo artist is half Korean, half British? Shannon Williams
9%
Which eccentric female group has a song that samples a traditional Punjabi song? Orange Caramel
6%
In which language are the words of Taeyang's tattoo in his video, "Eyes, Nose, Lips"? Portuguese
6%
Got7 was given a shoutout on instagram by which male American artist? Chris Brown
5%
No matching quizzes found
Score Distribution
Percent of People with Each Score
Percentile by Number Answered
Your Score History
You have not taken this quiz